| 000 | 005070000a22001810004500 | ||
|---|---|---|---|
| 003 | LK-CoMWRAF | ||
| 008 | 230817t ||||| |||| 00| 0 eng d | ||
| 040 |
_aLK-CoMWRAF _dLK-CoMWRAF _eLK-CoMWRAF |
||
| 041 | _aeng | ||
| 082 |
_a150 _bENG |
||
| 100 | _aEngineer, Asghar Ali | ||
| 245 |
_aJustice Women And Communal Harmony in Islam _b |
||
| 260 |
_bIndian Council of Social Science Research _aIndia _c1940 |
||
| 300 | _ap.50 | ||
| 650 | _aJustice in Islam | ||
| 650 | _aRights of Women in Islam | ||
| 942 | _cBK | ||
| 999 |
_c677 _d677 |
||